• 首页
  • 本馆介绍
  • 公告通知
  • 最新文献
  • 馆藏检索
  • 电子资源
  • 读者导购
  • 参考咨询
  • 我的图书馆
  • 登录
  • 详细信息显示
  • 放入我的书架
  • 预约/预借图书
  • 作者相关作品
  • 分类相关作品
  • 丛书相关作品
  • 出版社相关作品

书目信息

  • 表格格式
  • 工作单格式
  • 卡片格式
书名: An introduction to brain and behavior
作者: [by] Bryan Kolb, Ian Q. Whishaw.
分册号:
分册名:
出版地: New York :
 
出版社: Worth
出版时间: 2000, c2001.
页数: xx, 601, A10, G11, R8, NI2, SI11 p. :
开本: 29 cm. +
丛书名:
中图分类号:
科图分类号:
其他分类号: Q42
主题词:
电子资源:
000 01432cam a22003737a 450
001 E0755129409
005 20070320153632.78
008 010817s2000 nyua b 001 0 eng d
010    @a2001273475
020    @a0716751690.
035    @a(OCoLC)ocm46428464
040    @aIAC@cIAC@dSBH@dDLC
042    @alccopycat
050 00 @aQP376@b.K635 2000
082 00 @a612.8/2@2 21
090    @aQ42
099    @dQ42@ex6
100 0  @aKolb, Bryan,@d1947-
245 03 @aAn introduction to brain and behavior / @c[by] Bryan Kolb, Ian Q. Whishaw.
260    @aNew York :@bWorth,@c2000, c2001.
300    @axx, 601, A10, G11, R8, NI2, SI11 p. :@bcol. ill. ;@c29 cm. +@e1 computer optical disk (4 3/4 in.).
504    @aIncludes bibliographical references (p. R-1 - R-8) and indexes.
538    @aSystem requirements: Macintosh or Multimedia PC with Windows.
650  0 @aHuman behavior@vTextbooks.
650  0 @aNeurophysiology@vTextbooks.
650  0 @aBrain@vTextbooks.
650  2 @aNervous System Physiology@vTextbooks.
650  0 @aHuman behavior@xPhysiological aspects@vTextbooks.
650  2 @aBrain@vTextbooks.
650  2 @aBehavior@vTextbooks.
700 1  @aWhishaw, Ian Q.,@d1939-
906    @a7@bcbc@ccopycat@d3@encip@f20@gy-gencatlg
925 0  @aacquire@b1 shelf copy@xpolicy default
955    @aps02 2001-08-17 to ASCD;@ijc09 2001-08-23@ajc00 2001-08-28@ejc13 2001-09-19 to Dewey@aaa07 2001-10-03
    
    An introduction to brain and behavior / / [by] Bryan Kolb, Ian Q. Whishaw.-New York : : Worth, , 2000, c2001.
    xx, 601, A10, G11, R8, NI2, SI11 p. : : col. ill. ; ; 29 cm. + + 1 computer optical disk (4 3/4 in.).
    Includes bibliographical references (p. R-1 - R-8) and indexes.-System requirements: Macintosh or Multimedia PC with Windows.
    
    ISBN 0716751690.
    
●
相关链接 在E读中查询图书 在五车中查询图书 在当当中查询图书 在豆瓣中查询图书


正题名:introduction to brain and behavior     索取号:Q42/x6         预约/预借

序号 登录号 条形码 馆藏地/架位号 状态 备注
1 0003133   300031338   第二样本阅览室/ [索取号:Q42/x6] 在馆    
2 0003134   300031347   第四借阅区/ [索取号:Q42/x6] 在馆    
3 0003135   300031356   第四借阅区/ [索取号:Q42/x6] 在馆    
唐山师范学院图书馆 欢迎您!
大连网信软件有限公司© 版权所有